Delimitación marítima con equidad: El caso de Perú y Chile
Uloženo v:
| Hlavní autor: | |
|---|---|
| Médium: | Kniha |
| Jazyk: | španělština |
| Vydáno: |
Lima
Peisa
2007
|
| Témata: | |
| Tagy: |
Přidat tag
Žádné tagy, Buďte první, kdo vytvoří štítek k tomuto záznamu!
|
MARC
| LEADER | 00000nam a2200000 a 4500 | ||
|---|---|---|---|
| 001 | UCH3396 | ||
| 003 | CL-VaPUC | ||
| 008 | 090723e20070000PE |||||||||||||||||spa|d | ||
| 020 | |a 9789972404146 | ||
| 082 | 0 | 4 | |a 320.12985983 |b ROD |2 21 |
| 100 | 0 | |a Rodríguez Cuadros, Manuel |e author |9 538723 | |
| 245 | 1 | 0 | |a Delimitación marítima con equidad: El caso de Perú y Chile |
| 300 | |a 416 p | ||
| 942 | |c BK | ||
| 945 | |d 20090723 00:00:00 |a dcastane | ||
| 260 | |a Lima |b Peisa |c 2007 | ||
| 650 | 7 | |a CONTROVERSIA LIMITROFE |2 CL-VaPUC |9 538724 | |
| 650 | 7 | |a LIMITES CON PERU |2 CL-VaPUC |9 504188 | |
| 650 | 0 | |a Geopolítica |9 313921 | |
| 650 | 0 | |a Tratados internacionales |9 256056 | |
| 650 | 0 | |a Acuerdos internacionales |9 337381 | |
| 650 | 7 | |a DELIMITACION MARITIMA |2 CL-VaPUC |9 538725 | |
| 651 | 7 | |a CHILE |2 CL-VaPUC |9 538726 | |
| 651 | 0 | |a Perú |9 256567 | |
| 583 | |a last modification |c 20090723 00:00:00 |k Rodrigo Vera | ||
| 999 | |c 334965 |d 334963 | ||
| 952 | |0 0 |1 0 |4 0 |6 320_129859830000000_ROD_2007 |7 0 |8 X |9 424410 |a FDOBUD |b FDOBUD |d 2019-11-22 |i 4578457 |o 320.12985983 ROD 2007 |p 4578457 |r 2019-11-22 |w 2019-11-22 |y BK_X |k BUD | ||